Investing in stock markets / (Record no. 166001)

MARC details
000 -LEADER
fixed length control field 00609nam a22001817a 4500
005 - DATE AND TIME OF LATEST TRANSACTION
control field 20190709172048.0
010 ## - LCCN (DPL NO)
LC control number ENG-125873
020 ## - INTERNATIONAL STANDARD BOOK NUMBER
International Standard Book Number 9789385462689
Terms of availability 595.00
035 ## - SYSTEM CONTROL NUMBER
System control number EN-109405
037 ## - SOURCE OF ACQUISITION
Source of stock number/acquisition DBAD/PUB
082 ## - DEWEY DECIMAL CLASSIFICATION NUMBER
Classification number 332.642
100 ## - MAIN ENTRY--PERSONAL NAME
Personal name Vinod Kumar
245 ## - TITLE STATEMENT
Title Investing in stock markets /
Statement of responsibility, etc by Vinod Kumar [and] Raj Sethi Nangia
260 ## - PUBLICATION, DISTRIBUTION, ETC. (IMPRINT)
Place of publication, distribution, etc New Delhi
Name of publisher, distributor, etc Ane Books
Date of publication, distribution, etc 2017
270 ## - ADDRESS
Address 4821, Parwana Bhawan, 1st Floor, 24 Ansari Road, Daryaganj
City New Delhi
Postal code 110002
Telephone number 011-23276843-44
Electronic mail address kapoor@anebooks.com
300 ## - PHYSICAL DESCRIPTION
Extent viii,170p.
Dimensions 24cm(Hb)
942 ## - ADDED ENTRY ELEMENTS (KOHA)
Source of classification or shelving scheme Dewey Decimal Classification
Item type English Books
Classification part 332.642
Call number suffix VIN
Holdings
Withdrawn status Lost status Not for loan Collection code Home library Current library Date acquired Source of acquisition Cost, normal purchase price Full call number Barcode Copy number Cost, replacement price Koha item type
      Non-fiction Ashok Vihar Ashok Vihar 09/07/2019 DBAD/PUB 595.00 332.642 VIN EN-109405 DBAD/PUB 595.00 English Books

© Delhi Public Library
Hit Counter
free hit counter